Paths to College and Career English language arts (Record no. 306704)
[ view plain ]
| 000 -LEADER | |
|---|---|
| fixed length control field | 00681nam a22001937a 4500 |
| 003 - CONTROL NUMBER IDENTIFIER | |
| control field | LC |
| 005 - DATE AND TIME OF LATEST TRANSACTION | |
| control field | 20170221114119.0 |
| 008 - FIXED-LENGTH DATA ELEMENTS--GENERAL INFORMATION | |
| fixed length control field | 170221b xxu||||| |||| 00| 0 eng d |
| 020 ## - INTERNATIONAL STANDARD BOOK NUMBER | |
| International Standard Book Number | 9781119124269 |
| 050 ## - LIBRARY OF CONGRESS CALL NUMBER | |
| Classification number | PE 1408.ELA11 P297.TRB 2015 |
| 245 ## - TITLE STATEMENT | |
| Title | Paths to College and Career English language arts |
| Remainder of title | Using narrative techniques to craft fiction writing Teacher Resource Book |
| 260 ## - PUBLICATION, DISTRIBUTION, ETC. (IMPRINT) | |
| Place of publication, distribution, etc | San Francisco, CA |
| Name of publisher, distributor, etc | Jossey-Bass, |
| Date of publication, distribution, etc | 2015 |
| 300 ## - PHYSICAL DESCRIPTION | |
| Extent | xvii, 124 pages |
| 440 ## - SERIES STATEMENT/ADDED ENTRY--TITLE | |
| Title | Paths to College and Career |
| 505 ## - FORMATTED CONTENTS NOTE | |
| Formatted contents note | -On the rainy river<br/>-The red convertible<br/>-The Awakening |
| 650 ## - SUBJECT ADDED ENTRY--TOPICAL TERM | |
| Topical term or geographic name as entry element | English language |
| General subdivision | Study and teaching |
| 710 ## - ADDED ENTRY--CORPORATE NAME | |
| Corporate name or jurisdiction name as entry element | PCG Education |
| 942 ## - ADDED ENTRY ELEMENTS (KOHA) | |
| Source of classification or shelving scheme | Library of Congress Classification |
| Koha item type | Books |
| Withdrawn status | Lost status | Source of classification or shelving scheme | Damaged status | Home library | Current library | Shelving location | Date acquired | Source of acquisition | Sub Shelving location | Total Checkouts | Full call number | Barcode | Date last seen | Price effective from | Koha item type |
|---|---|---|---|---|---|---|---|---|---|---|---|---|---|---|---|
| Library of Congress Classification | Luxembourg Library | Luxembourg Library | Teachers Reference Section | 02/21/2017 | Library Fund | PE 1408.ELA11 P297.TRB 2015 | 20410 | 02/21/2017 | 02/21/2017 | Books |